| 000 | 01723nam a2200505 i 4500 | ||
|---|---|---|---|
| 001 | 33341 | ||
| 003 | KOSZ 005 | ||
| 005 | 20220504133446.0 | ||
| 008 | 980713s1997 pl a f f |001 0 pol | ||
| 015 | _aUWD 1997/15973 | ||
| 020 | _a832081068X | ||
| 035 | _a991005218749705066 | ||
| 035 | _a(PL-WaBN)b11367325-48omnis_nlop | ||
| 035 | _ab11367325 | ||
| 035 | _a(OCoLC)749275757 | ||
| 035 | _azz2007850615 | ||
| 035 | _a(PL)b0000001136732 | ||
| 035 | _a(EXLNZ-48OMNIS_NETWORK)9910299598705606 | ||
| 040 |
_aWA N _cWA N _dKOSZ 005/HR |
||
| 041 | 1 |
_apol _heng |
|
| 046 | _k1992 | ||
| 080 | _a330.43 | ||
| 080 | _a(075.8) | ||
| 100 | 1 |
_aCharemza, Wojciech _eAutor |
|
| 245 | 1 | 0 |
_aNowa ekonometria / _cWojciech W. Charemza, Derek F. Deadman ; przekł. [z ang.] Ewa Marta Syczewska. |
| 246 | 1 |
_iTyt. oryg.: _aNew directions in econometric practice, _f1992 |
|
| 260 |
_aWarszawa : _bPolskie Wydawnictwo Ekonomiczne, _c1997. |
||
| 300 |
_a292 s. : _bwykr. ; _c24 cm. |
||
| 336 |
_aTekst _btxt _2rdacontent |
||
| 337 |
_aBez urządzenia pośredniczącego _bn _2rdamedia |
||
| 338 |
_aWolumin _bnc _2rdacarrier |
||
| 380 | _aKsiążki | ||
| 388 | _a1901-2000 | ||
| 388 | _a1989-2000 | ||
| 504 | _aBibliogr. s. 261-271. - Indeksy. | ||
| 650 | 7 |
_aEkonometria _2DBN |
|
| 655 | 7 |
_aPodręczniki akademickie _2DBN |
|
| 658 | _aGospodarka, ekonomia, finanse | ||
| 700 | 1 |
_aDeadman, Derek _eAutor |
|
| 700 | 1 |
_aSyczewska, Ewa Marta _d(1962- ) _eTłumaczenie |
|
| 710 | 2 |
_aPolskie Wydawnictwo Ekonomiczne _4pbl |
|
| 856 |
_uhttp://koha.tu.koszalin.pl/cgi-bin/koha/opac-detail.pl?biblionumber=33341 _yKatalog online BPK |
||
| 942 |
_2UKD _cKS |
||
| 999 |
_c33341 _d33341 |
||